| 000 | 00000nam 2200000za 4500 |
| 001 | 9.840083 |
| 003 | CaOODSP |
| 005 | 20221107151745 |
| 007 | cr ||||||||||| |
| 008 | 170802s2017 oncd obs f000 0 eng d |
| 020 | |a978-0-660-09111-2 |
| 040 | |aCaOODSP|beng |
| 043 | |an-cn--- |
| 086 | 1 |aCS98-200/2016-8E-PDF |
| 245 | 00|aYoung adults living with their parents in Canada in 2016 |h[electronic resource] : |bCensus of population, 2016. |
| 260 | |a[Ottawa] : |bStatistics Canada, |c2017. |
| 300 | |a7 p. : |bcol. charts |
| 490 | 1 |aCensus in brief |
| 500 | |aIssued also in French under title: Les jeunes adultes vivant avec leurs parents au Canada en 2016 : Recensement de la population, 2016. |
| 500 | |aCover title. |
| 500 | |a"Release date: August 2, 2017." |
| 500 | |aPrepared by Stacey Hallman ... [et al.]. Cf. Acknowledgments. |
| 504 | |aIncludes bibliographical references. |
| 520 | |a"This article in the Census in Brief series paints a demographic picture of young adults living with their parents in 2016. It describes recent trends and differences between rural regions and large urban centres"--Provided by publisher. |
| 651 | 0|aCanada|xCensus, 2016. |
| 692 | 07|2gccst|aYoung adults |
| 692 | 07|2gccst|aLifestyle |
| 692 | 07|2gccst|aCensus data |
| 700 | 1 |aHallman, Stacey. |
| 710 | 2 |aStatistics Canada. |
| 775 | 08|tLes jeunes adultes vivant avec leurs parents au Canada en 2016 |w(CaOODSP)9.840084 |
| 830 | #0|aCensus in brief (Statistics Canada)|w(CaOODSP)9.830736 |
| 856 | 40|qPDF|s399 KB|uhttps://publications.gc.ca/collections/collection_2017/statcan/98-200-x/98-200-x2016008-eng.pdf |
| 986 | |a98-200-X2016008 |